Statistics for ALL South Carolina Cities

Click here to take the quiz!

General Stats

  • This quiz has been taken 79 times
  • The average score is 86 of 271

Answer Stats

CountyMunicipality% Correct
AAndersonAnderson
85%
CCharleston and BerkeleyCharleston
85%
AAbbevilleAbbeville
81%
AAikenAiken
81%
CRichland and LexingtonColumbia‡
81%
MHorryMyrtle Beach
81%
AAllendaleAllendale
78%
CChesterChester
78%
FFlorenceFlorence
78%
NOrangeburgNorth
78%
OOrangeburgOrangeburg
78%
BBambergBamberg
74%
DDillonDillon
74%
HHamptonHampton
74%
HBeaufortHilton Head Island
74%
LLexingtonLexington
74%
MMarionMarion
74%
SSpartanburgSpartanburg
74%
SDorchesterSt. George
74%
YYorkYork
74%
BBarnwellBarnwell
70%
GGeorgetownGeorgetown
70%
GGreenvilleGreenville
70%
NHorryNorth Myrtle Beach
70%
BBeaufortBeaufort
67%
CChesterfieldChesterfield
67%
EEdgefieldEdgefield
67%
LLancasterLancaster
67%
PPickensPickens
67%
SSumterSumter
67%
DDarlingtonDarlington
63%
MCharlestonMount Pleasant
63%
NCharleston, Berkeley, and DorchesterNorth Charleston
63%
SSaludaSaluda
63%
CPickens and AndersonClemson
59%
KLancasterKershaw
59%
LLaurensLaurens
59%
NNewberryNewberry
59%
NAiken and EdgefieldNorth Augusta
59%
UUnionUnion
59%
CHorryConway
56%
GGreenwoodGreenwood
56%
MMcCormickMcCormick
56%
RYorkRock Hill
56%
SDorchester, Berkeley, and CharlestonSummerville
56%
WColletonWalterboro
56%
GCherokeeGaffney
48%
MGreenvilleMauldin
48%
CKershawCamden
44%
WColletonWilliams
44%
CChesterfieldCheraw
41%
DBambergDenmark
41%
GBerkeley and CharlestonGoose Creek
41%
HBerkeleyHanahan
41%
HOrangeburgHolly Hill
41%
ILexington and RichlandIrmo
41%
JAikenJackson
41%
KWilliamsburgKingstree
41%
MClarendonManning
41%
SGreenvilleSimpsonville
41%
WLexingtonWest Columbia
41%
WFairfieldWinnsboro
41%
BLexington and SaludaBatesburg-Leesville
37%
BCherokeeBlacksburg
37%
FCharlestonFolly Beach
37%
ISpartanburgInman
37%
MBerkeleyMoncks Corner
37%
SOconeeSeneca
37%
SBerkeleySt. Stephen
37%
WOconeeWalhalla
37%
YBeaufort and HamptonYemassee
37%
AGeorgetown and WilliamsburgAndrews
33%
BMarlboroBennettsville
33%
BOrangeburgBowman
33%
CLexington and RichlandCayce
33%
CPickensCentral
33%
CColletonCottageville
33%
EPickens and AndersonEasley
33%
EOrangeburgEutawville
33%
FAllendaleFairfax
33%
FYorkFort Mill
33%
GLexingtonGaston
33%
GChesterGreat Falls
33%
HJasperHardeeville
33%
HDarlingtonHartsville
33%
JChesterfieldJefferson
33%
LHorryLoris
33%
PGeorgetownPawleys Island
33%
RJasperRidgeland
33%
SOrangeburgSpringfield
33%
WOconeeWestminster
33%
ACharlestonAwendaw
30%
BBarnwellBlackville
30%
BRichland and FairfieldBlythewood
30%
BBerkeleyBonneau
30%
CAbbevilleCalhoun Falls
30%
CLexingtonChapin
30%
CMarlboroClio
30%
CYorkClover
30%
CLaurensCross Hill
30%
EBambergEhrhardt
30%
FGreenville and LaurensFountain Inn
30%
GGreenville and SpartanburgGreer
30%
HDorchesterHarleyville
30%
HLancasterHeath Springs
30%
ICharlestonIsle of Palms
30%
JCharlestonJames Island
30%
LFlorenceLake City
30%
NGreenwoodNinety Six
30%
NOrangeburgNorway
30%
PNewberryProsperity
30%
QFlorenceQuinby
30%
RDorchesterRidgeville
30%
SOrangeburgSantee
30%
SCalhounSt. Matthews
30%
SClarendonSummerton
30%
TEdgefieldTrenton
30%
AHorryAynor
26%
BLeeBishopville
26%
BMarlboroBlenheim
26%
BBeaufortBluffton
26%
CCalhounCameron
26%
CSpartanburgCampobello
26%
CUnionCarlisle
26%
CLaurensClinton
26%
CSpartanburgCowpens
26%
DSpartanburgDuncan
26%
ERichlandEastover
26%
EColletonEdisto Beach
26%
EOrangeburgElloree
26%
GWilliamsburgGreeleyville
26%
HBarnwellHilda
26%
HCharlestonHollywood
26%
IAndersonIva
26%
LSpartanburgLandrum
26%
LWilliamsburgLane
26%
LDillonLatta
26%
LLeeLynchburg
26%
MChesterfieldMcBee
26%
OFlorenceOlanta
26%
PChesterfieldPageland
26%
PBeaufortPort Royal
26%
RCharlestonRavenel
26%
RDorchesterReevesville
26%
RFairfieldRidgeway
26%
SFlorenceScranton
26%
SCharlestonSeabrook Island
26%
SDarlingtonSociety Hill
26%
SHorrySurfside Beach
26%
SAllendaleSycamore
26%
TGreenvilleTravelers Rest
26%
TClarendonTurbeville
26%
VHamptonVarnville
26%
WBarnwellWilliston
26%
BKershawBethune
22%
BOrangeburgBranchville
22%
COrangeburgCope
22%
CFlorenceCoward
22%
EKershawElgin
22%
EBarnwellElko
22%
EHamptonEstill
22%
GHamptonGifford
22%
GLexingtonGilbert
22%
HGreenwoodHodges
22%
JBerkeleyJamestown
22%
JFlorenceJohnsonville
22%
JEdgefieldJohnston
22%
LPickensLiberty
22%
LCharleston DorchesterLincolnville
22%
LUnionLockhart
22%
LChesterLowrys
22%
MSumterMayesville
22%
MCharlestonMcClellanville
22%
MMarionMullins
22%
NOrangeburgNeeses
22%
NAikenNew Ellenton
22%
OBambergOlar
22%
PAndersonPendleton
22%
PSumterPinewood
22%
PNewberryPomaria
22%
RChesterRichburg
22%
RSaludaRidge Spring
22%
RCharlestonRockville
22%
SOconeeSalem
22%
SAikenSalley
22%
SMarionSellers
22%
SYorkSharon
22%
SColletonSmoaks
22%
SYork and CherokeeSmyrna
22%
SAndersonStarr
22%
SCharlestonSullivan's Island
22%
SLexingtonSwansea
22%
TFlorenceTimmonsville
22%
UAllendaleUlmer
22%
VOrangeburgVance
22%
WSaludaWard
22%
WSpartanburgWoodruff
22%
BAndersonBelton
19%
BHamptonBrunson
19%
DAbbevilleDonalds
19%
DAbbevilleDue West
19%
FRichlandForest Acres
19%
FHamptonFurman
19%
GLaurensGray Court
19%
HWilliamsburgHemingway
19%
HYorkHickory Grove
19%
HAnderson and AbbevilleHonea Path
19%
KCharlestonKiawah Island
19%
KBarnwellKline
19%
LDillonLake View
19%
LDarlingtonLamar
19%
LNewberryLittle Mountain
19%
LHamptonLuray
19%
MYorkMcConnells
19%
MAiken and SaludaMonetta
19%
NMarionNichols
19%
PSpartanburgPacolet
19%
PFlorencePamplico
19%
PClarendonPaxville
19%
PAndersonPelzer
19%
PMcCormickPlum Branch
19%
ROrangeburgRowesville
19%
RChesterfieldRuby
19%
SWilliamsburgStuckey
19%
TMarlboroTatum
19%
TYorkTega Cay
19%
WAikenWagener
19%
WAndersonWilliamston
19%
AHorryAtlantic Beach
15%
BAikenBurnettown
15%
CSpartanburg and CherokeeChesnee
15%
GBambergGovan
15%
JFairfieldJenkinsville
15%
LColletonLodge
15%
LSpartanburgLyman
15%
NPickensNorris
15%
PMcCormickParksville
15%
PChesterfieldPatrick
15%
PNewberryPeak
15%
RSpartanburgReidville
15%
SNewberrySilverstreet
15%
SBarnwellSnelling
15%
SLexingtonSouth Congaree
15%
SLexingtonSpringdale
15%
WGreenwood, Abbeville, and LaurensWare Shoals
15%
WLaurensWaterloo
15%
WAikenWindsor
15%
WOrangeburgWoodford
15%
ARichlandArcadia Lakes
11%
BHorryBriarcliffe Acres
11%
CSpartanburgCentral Pacolet
11%
COrangeburgCordova
11%
FChesterFort Lawn
11%
JUnionJonesville
11%
LOrangeburgLivingston
11%
LAbbevilleLowndesville
11%
MMarlboroMcColl
11%
MCharlestonMeggett
11%
MChesterfieldMount Croghan
11%
PLexingtonPelion
11%
PAikenPerry
11%
SHamptonScotia
11%
SPickensSix Mile
11%
SLexingtonSummit
11%
TGreenwoodTroy
11%
WSpartanburgWellford
11%
WAndersonWest Pelzer
11%
WOconeeWest Union
11%
WNewberryWhitmire
11%
VLancasterVan Wyck
7%
PLexingtonPine Ridge
4%

Score Distribution

Percentile by Number Answered

Percent of People with Each Score

Your Score History

You have not taken this quiz